000 02459nam a22002297a 4500
003 0
005 20250107124051.0
008 250107b xxu||||| |||| 00| 0 eng d
020 _a9781032028439
050 _aQA 11.2
_b.R63 2024
100 _aRock, David
_eauthor.
245 _aTeaching secondary mathematics /
_cDavid Rock, Douglas K. Brumbaugh, and Thomas J. P. Brady.
250 _a5th ed.
260 _aNew York, NY :
_bRoutledge,
_c2024.
300 _axiii, 565 p. :
_bill. ;
_c26 cm.
504 _aIncludes bibliographical references and index.
520 _a"Solidly grounded in up-to-date research, theory and technology, Teaching Secondary Mathematics is a practical, student-friendly, and popular text for secondary mathematics methods courses. It provides clear and useful approaches for mathematics teachers, and shows how concepts typically found in a secondary mathematics curriculum can be taught in a positive and encouraging way. The thoroughly revised fifth edition combines this pragmatic approach with truly innovative and integrated technology content throughout. Synthesized content between the book and a comprehensive Instructor and Student Resource website offers expanded discussion of chapter topics, additional examples, and technological tips, such as using and assessing Artificial Intelligence. Each chapter features tried-and-tested pedagogical techniques, problem-solving challenges, discussion points, activities, mathematical challenges, and student-life-based applications that will encourage students to think and do. New to the fifth edition: A fully revised chapter on technological advancements in the teaching of mathematics, including the use of Artificial Intelligence A new chapter on equity, shame, and anxiety in the mathematics classroom Connections to both the updated NCTM Focal Points and Standards Problem-solving challenges and sticky questions featured in each chapter to encourage students to think through everyday issues and possible solutions A fresh interior design to better highlight pedagogical elements and key features A completely updated Instructor and Student Resource site with chapter-by-chapter video lessons, teacher tools, problem solving Q&As, exercises, and helpful links and resources"--Provided by publisher.
650 _aMathematics
_vStudy and teaching (Secondary).
700 _aBrumbaugh, Douglas K.
_eauthor.
700 _aBrady, Thomas J. P.
_eauthor.
942 _2lcc
_cBK
999 _c366913
_d366913